| 000 | nam a22 a 4500 | ||
|---|---|---|---|
| 999 |
_c390348 _d390348 |
||
| 003 | BLK | ||
| 005 | 20201020125214.0 | ||
| 008 | 180408b bul|||||r ||||||| ||bul|| | ||
| 010 | _aKNG00041895000 | ||
| 040 | _aBLK | ||
| 041 |
_aFRE _cFRE |
||
| 080 |
_aФренска литература _b821.133.1 _x-31 _z821.133.1-31 |
||
| 100 |
_aUchard, Mario _eпърви автор _9435394 |
||
| 139 | _aUchard, Mario | ||
| 245 | 1 | 0 |
_aJean de Chazol _cMario Uchard. |
| 257 | _aFRA | ||
| 260 |
_aParis _bMichel Lévy frères _c1869 _9435395 |
||
| 300 |
_a351 c. _c18 cm |
||
| 380 | _aX | ||
| 490 |
_9435080 _aКолекция Редки и ценни издания |
||
| 852 |
_aРф 869 _bРц |
||
| 856 | 4 | _qpdf | |
| 856 | 4 | _qpdf | |
| 942 |
_cKNG _n0 _s1 |
||
| 944 |
_aCR _c2020-10-20 _kТД |
||
| 944 |
_aED _c02.08.2007 |
||
| 999 | _d390348 | ||
| 999 | _d38674 | ||